书目信息 |
| 题名: |
实变函数
|
|
| 作者: | 徐君祥 编著 | |
| 分册: | ||
| 出版信息: | 南京 东南大学出版社 2019.12 |
|
| 页数: | ||
| 开本: | 17cm | |
| 丛书名: | ||
| 单 册: | ||
| 中图分类: | O174.1 | |
| 科图分类: | ||
| 主题词: | 实变函数--高等学校--教材 | |
| 电子资源: | ||
| ISBN: | 978-7-5641-8620-3 | |
| 000 | 01203nam0 2200217 450 | |
| 001 | 2033569614 | |
| 005 | 20201105091937.69 | |
| 010 | @a978-7-5641-8620-3@dCNY30.00 | |
| 100 | @a20200528d2019 em y0chiy0110 ea | |
| 101 | 0 | @achi |
| 102 | @aCN@b320000 | |
| 105 | @af z 000zy | |
| 200 | 1 | @a实变函数@9Shi Bian Han Shu@f徐君祥编著 |
| 210 | @a南京@c东南大学出版社@d2019.12 | |
| 215 | @d17cm | |
| 330 | @a本书包含集合的基本概念、欧氏空间Rn中的点集、Lebesgue测度、可测函数、Lebesgue积分、微分与不定积分和附录等7章。通过将实变函数中的问题与学过的微积分内容联系起来,让学生明白所有问题都有来源和出处,从而激发学习动力和兴趣;同时介绍与实变函数有关的学科领域,让学生了解实变函数的应用;书中配备了一些插图,尽可能将抽象的概念和定理转化为直观有形的事物,特别是对内容之间的联系尽可能从多个方面给予说明和解释。另外,本书配备了较多的习题,分成基本题和难题两部分。作为教学基本要求,只要求学生完成基本题的部分;难题部分供机动使用,鼓励有能力和有时间的一些学生去研究。本书可以作为数学系本科生的教材,也可作为其他理工科研究生教材或参考书。 | |
| 606 | 0 | @a实变函数@x高等学校@j教材 |
| 690 | 0 | @aO174.1@v5 |
| 701 | 0 | @a徐君祥@9Xu Jun Xiang@4编著 |
| 801 | 0 | @aCN@b(网众)采访数据@c20201010 |
| 905 | @aZUCC@dO174.1@eX737 | |
| 实变函数/徐君祥编著.-南京:东南大学出版社,2019.12 |
| 17cm |
| ISBN 978-7-5641-8620-3:CNY30.00 |
| 本书包含集合的基本概念、欧氏空间Rn中的点集、Lebesgue测度、可测函数、Lebesgue积分、微分与不定积分和附录等7章。通过将实变函数中的问题与学过的微积分内容联系起来,让学生明白所有问题都有来源和出处,从而激发学习动力和兴趣;同时介绍与实变函数有关的学科领域,让学生了解实变函数的应用;书中配备了一些插图,尽可能将抽象的概念和定理转化为直观有形的事物,特别是对内容之间的联系尽可能从多个方面给予说明和解释。另外,本书配备了较多的习题,分成基本题和难题两部分。作为教学基本要求,只要求学生完成基本题的部分;难题部分供机动使用,鼓励有能力和有时间的一些学生去研究。本书可以作为数学系本科生的教材,也可作为其他理工科研究生教材或参考书。 |
| ● |
| 相关链接 |
|
|
|
正题名:实变函数
索取号:O174.1/X737
 
预约/预借
| 序号 | 登录号 | 条形码 | 馆藏地/架位号 | 状态 | 备注 |
| 1 | 1478323 | 214783233 | 自科库401/401自科库 44排5列2层/ [索取号:O174.1/X737] | 在馆 | |
| 2 | 1478432 | 214784321 | 自科库401/401自科库 44排5列2层/ [索取号:O174.1/X737] | 在馆 |